Mine - Bazzi - All Lyrics - Statistics

General Stats
  • This quiz has been taken 21 times
  • The average score is 174 of 208
Answer Stats
Answer % Correct
a
100%
do
100%
don't
100%
(Haha,
100%
(Haha)
100%
I
100%
mine
100%
(Mine,
100%
mine,
100%
mine)
100%
Oh,
100%
oh,
100%
(Oh-uh-oh)
100%
time
100%
(Time,
100%
time,
100%
time)
100%
wanna
100%
waste
100%
when
100%
yeah)
100%
(Yeah-yeah)
100%
You
100%
you
100%
your
100%
body,
94%
fuckin'
94%
just
94%
Just
94%
know
94%
let
94%
on
94%
precious
94%
shine
94%
smile
94%
so
94%
the
94%
to
94%
you're
94%
You’re
94%
and
88%
back
88%
drive
88%
from
88%
had
88%
Hands
88%
my
88%
no
88%
wild
88%
all
81%
eye-eye-eye
81%
eye-eyes
81%
feel
81%
Feels
81%
fine
81%
forever
81%
in
81%
it
81%
like
81%
lose
81%
myself
81%
those
81%
can
75%
even
75%
Even
75%
ever
75%
Girl,
75%
if
75%
I'm
75%
is
75%
me,
75%
me
75%
say
75%
with
75%
away
69%
away,
69%
can't
69%
gotta
69%
Hit
69%
mind
69%
this
69%
up
69%
alive
63%
alright
63%
anything
63%
circles
63%
down
63%
down,
63%
fucking
63%
it's
63%
look
63%
make
63%
Running
63%
tonight
63%
happy
56%
lay
56%
night
56%
rainy,
56%
star
56%
Swear
56%
fire,
50%
God,
50%
I'll
50%
Mariah
50%
'round
50%
forever's
44%
bride
38%
incredible,
38%
into
38%
turn
38%
"Right"
31%
Man,
25%
No matching quizzes found
Score Distribution
Percent of People with Each Score
Percentile by Number Answered
Your Score History
You have not taken this quiz